000 00318nam a2200109Ia 4500
008 200302s9999 xx 000 0 und d
100 _aP. S. Gahlot and Sanjay Sharma
245 _aBuilding Repair and Maintenance Management
260 _bC BC Publishers and Distributors Pvt., Ltd.,
260 _c2016
300 _a405 P.,
999 _c3839
_d3839